Which character said this 'The Handmaid's Tale' quote? - Statistics

General Stats
  • This quiz has been taken 619 times
  • The average score is 12 of 20
Answer Stats
Quote Chapter # Answer % Correct
We slept in what had once been the gymnasium 1 Offred
96%
The bell that measures time is ringing. Time here is measured by bells 2 Offred
87%
Don't call me Ma'am, she said irritably. You're not a Martha 3 Serena Joy
86%
To be seen – to be seen – is to be – her voice trembled – penetrated. What you must be, girls, is impenetrable. She called us girls 5 Aunt Lydia
78%
I wait. I compose myself. My self is a thing I must now compose, as one composes a speech. 12 Offred
74%
I sing to myself, in my head […] I don’t sing like this often. It makes my throat hurt 10 Offred
72%
'The war is going well, I hear', she says 4 Ofglen
71%
But this is wrong, nobody dies from lack of sex. It’s lack of love we die from 18 Offred
70%
You are spoiled girls, she twinkled, as if rebuking a kitten. Naughty puss. 15 Aunt Lydia
69%
'Not like that', he says. 'As if you meant it' 23 The Commander
66%
Time’s a trap, I’m caught in it 24 Offred
63%
Ordinary ... is what you are used to 6 Aunt Lydia
61%
This is a loony bin 13 Moira
58%
'Do you think God listens,' she says, 'to these machines?' 27 Ofglen
56%
'A picture [...] your little girl. But only maybe' 31 Serena Joy
53%
You young people don't appreciate things, she'd say. You don't know what we had to go through, just to get you where you are. Look at him, slicing up the carrots. Don't you know how many women's lives, how many women's bodies, the tanks had to roll over just to get that far? 20 Offred's mother
42%
For them, one and one and one and one don’t make four 29 The Commander
31%
Ours is not to reason why 28 Moira
27%
[...] since dubbed by some of our historical wags 'The Underground Frailroad' Historical Notes Professor James Darcy Pieixoto
9%
I must also remind our keynote speaker [...] to keep within his time period [...] none of us wants to miss lunch, as happened yesterday Historical Notes Professor Maryanne Crescent Moon
9%
No matching quizzes found
Score Distribution
Percent of People with Each Score
Percentile by Number Answered
Your Score History
You have not taken this quiz